| 000 | 02400cam a22002174a 4500 | ||
|---|---|---|---|
| 005 | 20250605163948.0 | ||
| 008 | 250528s ||||||||||||||||||||||||d | ||
| 035 | _a15290 | ||
| 020 | _a1858050154 | ||
| 040 |
_aGR-AtMCL _bgre _dGR-AtMCL _eAACR2 |
||
| 245 | 1 | _aCosting / Fourth Edition | |
| 250 | _a4th | ||
| 260 |
_bDp Publications Ltd, _c1993 |
||
| 300 | _a586 | ||
| 505 | 0 | _aPreface, What is Costing, The Framework of Cost Accounting, Classification and Coding, Materials - Purchasing and Reception and Storage, Materials - Stock Recording and Inventory Control, Materials - Pricing Issues and Stocks, Labour - Remuneration Methods, Labour - Recording and Costing and Allied Procedures, Overheads, Cost Accounts, Costing Methods - Introduction, Costing Methods - Job and Batch Costing, Costing Methods - Contract Costing, Costing Methods - Operation and Service Costing, Costing Methods - Process Costing, Costing Methods - Joint Product and By-Product Costing, Planning and Control and Decision Making, Cost Behaviour, Marginal Costing and Absorption Costing, Marginal Costing and Decision Making, Break Even Analysis, Capital Investment Appraisal, Budgets, Standard Costing - Introduction, Standard Costing - Variance Analysis, Uniform Costing, Costing and Computers, Case Exercises, Progress Tests, Examination Technique, Index. | |
| 520 | _aPreface, What is Costing, The Framework of Cost Accounting, Classification and Coding, Materials - Purchasing and Reception and Storage, Materials - Stock Recording and Inventory Control, Materials - Pricing Issues and Stocks, Labour - Remuneration Methods, Labour - Recording and Costing and Allied Procedures, Overheads, Cost Accounts, Costing Methods - Introduction, Costing Methods - Job and Batch Costing, Costing Methods - Contract Costing, Costing Methods - Operation and Service Costing, Costing Methods - Process Costing, Costing Methods - Joint Product and By-Product Costing, Planning and Control and Decision Making, Cost Behaviour, Marginal Costing and Absorption Costing, Marginal Costing and Decision Making, Break Even Analysis, Capital Investment Appraisal, Budgets, Standard Costing - Introduction, Standard Costing - Variance Analysis, Uniform Costing, Costing and Computers, Case Exercises, Progress Tests, Examination Technique, Index. | ||
| 700 | 1 |
_aLucey Terry _91176 |
|
| 942 | _cBK | ||
| 999 |
_c881 _d881 |
||